000 00218nam a22000857a 4500
008 161122b xxu||||| |||| 00| 0 eng d
100 _91330
_aTolstoy
245 _aLeo Tolstoy Short Stories
260 _aNew Delhi
_bMaanu
_c2012
999 _c4042
_d4042